Ngôn ngữ lập trình Mathematica 3.0 : Giáo trình dành cho chuyên nghành kỹ sư vật lý và các nghành kỹ thuật

Trình bày sơ bộ về ngôn ngữ Mathematica 3.0. Phần trọng tâm giới thiệu các tính toán với biến bằng số, bằng chữ, các khả năng đồ họa, dãy, lập trình trên Mathematica 3.0, các dạng lập trình kèm theo phần phụ lục trình bày các quy ươc về cu...

Descrizione completa

Salvato in:
Dettagli Bibliografici
Autore principale: Vũ, Ngọc Tước
Natura: Libro
Lingua:Undetermined
Pubblicazione: Hà Nội Khoa học và Kỹ thuật 2000
Soggetti:
Tags: Aggiungi Tag
Nessun Tag, puoi essere il primo ad aggiungerne! !
Thư viện lưu trữ: Trung tâm Học liệu Trường Đại học Cần Thơ
LEADER 01224nam a2200241Ia 4500
001 CTU_190681
008 210402s9999 xx 000 0 und d
020 |c 25000 
082 |a 005.131 
082 |b T557 
100 |a Vũ, Ngọc Tước 
245 0 |a Ngôn ngữ lập trình Mathematica 3.0 : 
245 0 |b Giáo trình dành cho chuyên nghành kỹ sư vật lý và các nghành kỹ thuật 
245 0 |c Vũ Ngọc Tước 
260 |a Hà Nội 
260 |b Khoa học và Kỹ thuật 
260 |c 2000 
520 |a Trình bày sơ bộ về ngôn ngữ Mathematica 3.0. Phần trọng tâm giới thiệu các tính toán với biến bằng số, bằng chữ, các khả năng đồ họa, dãy, lập trình trên Mathematica 3.0, các dạng lập trình kèm theo phần phụ lục trình bày các quy ươc về cú pháp. 
526 |a Các phương pháp mô phỏng vật lý 
526 |b TN679 
650 |a Mathematica (Computer program language),Mathematica (Ngôn ngữ lập trình máy tính) 
910 |a Hải 
980 |a Trung tâm Học liệu Trường Đại học Cần Thơ